000 00774nam a2200265Ia 4500
003 OSt
005 20220928121424.0
006 a|||||r|||| 00| 0
007 ta
008 220927b |||||||| |||| 00| 0 eng d
020 _c425
024 _a125158
037 _b194, 17/12/2014, Classic Book Service
_cTextual
040 _aSDCL
_cSDCL
_beng
041 _2eng
_aeng
082 _aB2895, Q0
100 _aChandrasekaran N.
_9391475
245 0 _aDiscrete mathematics
260 _aNew Delhi
_bPHI Learning P. Ltd.
_c2010
300 _axii;804p.
_ccm.
650 _aI I C
700 _a Umaparvathi M.
_9452201
942 _hB2895, Q0
_cTEXL
_2CC
999 _c766160
_d766160